مؤتمر القمة العربي غير العادي قمة الوفاق و الإتفاق في عمان من 8-11/11/1987 / (رقم التسجيلة. 67266)

تفاصيل مارك
000 -LEADER
fixed length control field 00695nam a22001937a 4500
005 - DATE AND TIME OF LATEST TRANSACTION
control field 20251108171954.0
008 - FIXED-LENGTH DATA ELEMENTS--GENERAL INFORMATION
fixed length control field 250721s1987 xx 000 0 ara d
082 14 - DEWEY DECIMAL CLASSIFICATION NUMBER
Classification number 956.09/عام
100 1# - MAIN ENTRY--PERSONAL NAME
Personal name أبو جبله، عامر جاد الله
111 2# - MAIN ENTRY--MEETING NAME
Meeting name or jurisdiction name as entry element مؤتمر القمة العربي غير العادي من 8-11/11/1987 : عمان
245 10 - TITLE STATEMENT
Title مؤتمر القمة العربي غير العادي قمة الوفاق و الإتفاق في عمان من 8-11/11/1987 /
264 1# - PRODUCTION, PUBLICATION, DISTRIBUTION, MANUFACTURE, AND COPYRIGHT NOTICE
Place of production, publication, distribution, manufacture عمان :
Name of producer, publisher, distributor, manufacturer المؤلف،
Date of production, publication, distribution, manufacture, or copyright notice 1987.
300 ## - PHYSICAL DESCRIPTION
Extent 141ص
650 17 - SUBJECT ADDED ENTRY--TOPICAL TERM
Topical term or geographic name as entry element العرب
650 17 - SUBJECT ADDED ENTRY--TOPICAL TERM
Topical term or geographic name as entry element التاريخ الحديث
650 17 - SUBJECT ADDED ENTRY--TOPICAL TERM
Topical term or geographic name as entry element المؤتمرات
942 ## - ADDED ENTRY ELEMENTS (KOHA)
Source of classification or shelving scheme Dewey Decimal Classification
Koha item type كتب
المقتنيات
حالة السحب حالة الفقدان مصدر التصنيف حالة التلف غير قابل للإعارة المكتبة الرئيسية المكتبة الحالية موقع الرف تاريخ التزويد الرقم المتسلسل Total Checkouts رقم الإستدعاء تاريخ آخر ظهور تاريخ الفاتورة نوع المادة (كوها)
    Dewey Decimal Classification Unchecked   مكتبة أم قصير والمقابلين العامة مكتبة أم قصير والمقابلين العامة الإعارة 06/07/2004 485   956.09/عام 28/07/2025 06/07/2004 كتب
Implemented & Customized by: BBB with SCIT (Smart Chains for Information Technology)

Powered by Koha